<?xml version="1.0" encoding="UTF-8"?>
<record
    xmlns:xsi="http://www.w3.org/2001/XMLSchema-instance"
    xsi:schemaLocation="http://www.loc.gov/MARC21/slim http://www.loc.gov/standards/marcxml/schema/MARC21slim.xsd"
    xmlns="http://www.loc.gov/MARC21/slim">

  <leader>02003nam a22001937a 4500</leader>
  <datafield tag="999" ind1=" " ind2=" ">
    <subfield code="c">39149</subfield>
    <subfield code="d">39149</subfield>
  </datafield>
  <datafield tag="020" ind1=" " ind2=" ">
    <subfield code="a">9788193836897</subfield>
  </datafield>
  <datafield tag="020" ind1=" " ind2=" ">
    <subfield code="a">9788193836880</subfield>
  </datafield>
  <datafield tag="082" ind1=" " ind2=" ">
    <subfield code="a">303.483</subfield>
    <subfield code="b">BAO-B</subfield>
  </datafield>
  <datafield tag="100" ind1=" " ind2=" ">
    <subfield code="a">Baofu, Peter.</subfield>
  </datafield>
  <datafield tag="245" ind1=" " ind2=" ">
    <subfield code="a">Beyond Human Civil Society to Post-Human Civil Society/</subfield>
    <subfield code="c">Peter Baofu.</subfield>
  </datafield>
  <datafield tag="260" ind1=" " ind2=" ">
    <subfield code="a">New Delhi:</subfield>
    <subfield code="b">Overseas press,</subfield>
    <subfield code="c">2018.</subfield>
  </datafield>
  <datafield tag="300" ind1=" " ind2=" ">
    <subfield code="a">907p.</subfield>
    <subfield code="b">2v.</subfield>
  </datafield>
  <datafield tag="520" ind1=" " ind2=" ">
    <subfield code="a">Is human civil society really so promsing that, as Edmund Burke once claimed, &#x201C;Justice is itself the great standing policy of civil society; and any eminent departure from it, under any circumstances, lies under the suspicion of being no policy at all&#x201D;? (TE 2018) This positive view on human civil society can be contrasted with an opposing one by Geoff Mulgan, who cautioned us by asking: &#x201C;So is civil society prepared for the future? Probably not. Most organisations have to live hand to mouth, juggling short-term funding and perpetual minor crises. Even the bigger ones rarely get much time to stand back and look at the bigger picture. Many are on a treadmill chasing after contracts and new funding.&#x201D; (BQ 2018) Contrary to these opposing views (and other ones as will be discussed in the book), human civil society (in relation to civilness and non-civilness&#x2014;as well as other dichotomies) is neither possible (or impossible) nor desirable (or undesirable) to the extent that the respective ideologues (on different sides) would like us to believe, such that there is no civilness without non-civilness (and vice versa), to be explained by the &#x201C;softness-hardness principle,&#x201D; the &#x201C;materialitynonmateriality principle,&#x201D; the &#x201C;achievement-carefreedom principle,&#x201D; the &#x201C;inclusivenessexclusiveness principle,&#x201D; the &#x201C;symmetry-asymmetry principle,&#x201D; the &#x201C;valuation-devaluation principle,&#x201D; the &#x201C;regression-progression principle,&#x201D; the &#x201C;absoluteness-relativeness principle,&#x201D;</subfield>
  </datafield>
  <datafield tag="546" ind1=" " ind2=" ">
    <subfield code="a">English.</subfield>
  </datafield>
  <datafield tag="650" ind1=" " ind2=" ">
    <subfield code="a">Social Science</subfield>
  </datafield>
  <datafield tag="650" ind1=" " ind2=" ">
    <subfield code="a">Posthumanism</subfield>
  </datafield>
  <datafield tag="650" ind1=" " ind2=" ">
    <subfield code="a">Social theory</subfield>
  </datafield>
  <datafield tag="942" ind1=" " ind2=" ">
    <subfield code="2">ddc</subfield>
    <subfield code="c">BK</subfield>
  </datafield>
  <datafield tag="952" ind1=" " ind2=" ">
    <subfield code="0">0</subfield>
    <subfield code="1">0</subfield>
    <subfield code="4">0</subfield>
    <subfield code="7">0</subfield>
    <subfield code="a">NASSDOC</subfield>
    <subfield code="b">NASSDOC</subfield>
    <subfield code="d">2024-05-17</subfield>
    <subfield code="e">Overseas press India Pvt Ltd</subfield>
    <subfield code="g">1442.19</subfield>
    <subfield code="i">20-03-24</subfield>
    <subfield code="l">0</subfield>
    <subfield code="o">303.483 BAO-B; Vol-2</subfield>
    <subfield code="p">54282</subfield>
    <subfield code="r">2024-05-17 00:00:00</subfield>
    <subfield code="v">1997.50</subfield>
    <subfield code="w">2024-05-17</subfield>
    <subfield code="y">BK</subfield>
  </datafield>
  <datafield tag="952" ind1=" " ind2=" ">
    <subfield code="0">0</subfield>
    <subfield code="1">0</subfield>
    <subfield code="4">0</subfield>
    <subfield code="7">0</subfield>
    <subfield code="a">NASSDOC</subfield>
    <subfield code="b">NASSDOC</subfield>
    <subfield code="d">2024-05-17</subfield>
    <subfield code="e">Overseas press India Pvt Ltd</subfield>
    <subfield code="g">1442.19</subfield>
    <subfield code="i">20-03-24</subfield>
    <subfield code="l">0</subfield>
    <subfield code="o">303.483 BAO-B; Vol-1</subfield>
    <subfield code="p">54281</subfield>
    <subfield code="r">2024-05-17 00:00:00</subfield>
    <subfield code="v">1997.50</subfield>
    <subfield code="w">2024-05-17</subfield>
    <subfield code="y">BK</subfield>
  </datafield>
</record>
